| 000 | 00834nam a2200241 a 4500 | ||
|---|---|---|---|
| 999 |
_c11812 _d11812 |
||
| 001 | 11812 | ||
| 003 | BD-JhCC | ||
| 005 | 20210926134022.0 | ||
| 008 | 201104b2018 bg |||| ||b| 000 0 ben d | ||
| 020 | _a9789849361138 | ||
| 035 | _a(BD-JhCC)11812 | ||
| 040 |
_aBD-JhCC _dBD-JhCC |
||
| 041 | _aben | ||
| 082 |
_a813.0872 _2CHR 2018 |
||
| 100 | _a ক্রিস্টি,আগাথা | ||
| 245 |
_aআগাথা ক্রিস্টি রচনাসমগ্র / _cআগাথা ক্রিস্টি,অনুঃ নচিকেতা ঘোষ । |
||
| 260 |
_aঢাকা: _bসালমা বুক ডিপো; _c২০১৮. |
||
| 300 |
_a960 p. : _c24 cm. |
||
| 650 |
_aDetective and mystery stories _zAmerican |
||
| 700 | _aঘোষ,নচিকেতা | ||
| 942 |
_2ddc _cBK _02 |
||